000 nam a22 a 4500
999 _c175352
_d175352
003 BLK
005 20230406030301.0
008 180411b bul|||||r ||||||| ||bul||
040 _aBLK
041 _aBUL
_cBUL
080 _aБългарска литература
_b821.163.2
_x-93-311.6
_z821.163.2-93-311.6
100 1 _aХарманджиев, Тодор
_gХарманджиев, Тодор Александров, Илиев, Тодор Александров, Василев, Тодор Александров
_cпоет, преводач
_d1905-1993
_qИлиев, Тодор Александров
_9249306
139 _aХарманджиев, Тодор
_bХ 28
245 1 0 _aТракиецът от племето меди
_bМладостта на Спартак : Ист. роман за юноши
_cТодор Харманджиев ; худож. Никифор Русков.
257 _aBGR
260 _aСофия
_bНар. младеж
_c1980
300 _a280 с.
_bс ил.
_c21 см
380 _aDX
500 _aИмето на авт. Тодор Александров Илиев. - 30 141 тир.
600 1 4 _aСпартак
_9297542
650 4 _aСпартак
_9297542
700 1 _aРусков, Никифор
_eхудож.
_9364263
700 1 _aИлиев, Тодор Александров
_e*
_9276112
852 _aЦб 104785
856 4 _qpdf
_i0.00
_ldisable
856 4 _qpdf
_i0.00
_ldisable
942 _cKNG
_n0
_s1
944 _aCR
_c20.10.2015
_kКети_Илиева
944 _aED
_c12.09.2017
_kВася_Ганчева
999 _d175352